| 000 | 00000nam##2200000za#4500 |
| 001 | 9.589658 |
| 003 | CaOODSP |
| 005 | 20210624195743 |
| 007 | cr ||||||||||| |
| 008 | 150406|1999||||xxc|||||o f|0| 0 fre|d |
| 040 | |aCaOODSP|bfre |
| 041 | |aeng |
| 041 | |afre |
| 043 | |an-cn--- |
| 086 | 1 |aSP2-1/1-1999-PDF |
| 110 | 1 |aCanada. |bImprimeur de la Reine. |
| 245 | 10|aMinistère des Transports - Règlement sur le transport des marchandises dangereuses |h[ressource électronique] |
| 260 | |bImprimeur de la Reine |cLe 7 août 1999. |
| 300 | |a803p.|bfigures, tableaux, index |
| 490 | 1 |aGazette du Canada, Partie I. Supplément |
| 590 | |a13-27-Supp|b2013-11-15 |
| 791 | |tDepartment of Transport - Transportation of Dangerous Goods Regulations |eeng|w(CaOODSP)9.589657 |
| 830 | #0|aGazette du Canada, partie I. Supplément.|w(CaOODSP)9.500176 |
| 856 | 40|ahttp://publications.gc.ca|qPDF|s12.73 Mo|uhttps://publications.gc.ca/collections/collection_2013/gazette/SP2-1-1-1999.pdf |